| 000 | 00367nam a2200145Ia 4500 | ||
|---|---|---|---|
| 008 | 191201s2006 xx 000 0 und d | ||
| 082 |
_a621.319 _bBAE |
||
| 100 | _aBANDYOPADHYAY, M N | ||
| 245 | 0 | _aElectrical Power Systems Theory and Practice | |
| 250 | _a2nd | ||
| 260 |
_aN.Delhi _bPrentice Hall _c2006 |
||
| 300 | _a580 | ||
| 650 | _aB.Tech(IT) | ||
| 942 |
_2ddc _cBK |
||
| 999 |
_c3259 _d3259 |
||